1720 1133 1727 1017 1263 1233 1908 1426 1447 1594 1510 1622 1733 1450 1632 1045 1226 1745 1081 1457 1322 1759 1730 1626 1607 1864 1426 1173 1530 1203 1855 1515 1428 1033 1021 1855 1179 1574 1798 1086 1419 1521 1436 1004 1319 1128 1458 1253 1903 1396 1777 1267 1864 1865 1041 1065 1902 1306 1280 1303 1519 1772 1075 1864 1312 1903 1511 1044 1011 1036 1861 1513 1688 1099 1130 1567 1836 1627 1365 1889 1752 1766 1962 1638 1719 1024 1776 1342 1357 1432 1846 1136 1338 1592 1254 1380 1272 1268 1956 BCNSPRNW ULIB Ver.6.0+V

เปลี่ยนเป็นภาษาไทย

Change to English
 แสดงรายละเอียดบรรณานุกรม
  กลับหน้าหลัก

Brief Record : Get Marc (ISO 2709) : E-mail record : QR code < ปิดหน้าต่าง
LEADER : 00000nam 2200000uu 4500
001    13399126328
003     ULIB
008    180909s2560||||th 000 0 tha d
020    ^a9786164260597
060    ^aWY154 ก495
100    ^aจรัญ สายะสถิตย์,บรรณาธิการ
245    ^aการพยาบาลผู้ป่วยวิกฤตหัวใจ/จรัญ สายะสถิตย์,บรรณาธิการ
260    ^aพิษณุโลก :^bสำนักพิมพ์มหาวิทยาลัยนเรศวร,^c2560
300    ^a171 หน้า
945    ^p390^l0^i26563
945    ^p390^l0^i26562
999    ^aกัณชพร จุลอักษร
รายการนี้ยังไม่มีแท็ก
คุณยังไม่ได้ล็อกอิน คุณสามารถมีกิจกรรมร่วมกับเว็บไซต์ได้ แต่ต้องล็อกอินก่อน ::
  ล็อกอิน

รายการสื่อสารสนเทศ

ลำดับที่ ประเภท เลขเรียก/บาร์โค้ด สถานที่ สถานะ
1. หนังสือสำรอง
หนังสือสำรอง
WY154 ก495 ฉ.1 
  Barcode: 26562
ห้องสมุดวิทยาเขตนครสวรรค์
►หนังสือทั่วไป:l:General Books
บนชั้น
2. วิทยาศาสตร์การแพทย์ และสุขภาพ
วิทยาศาสตร์การแพทย์ และสุขภาพ
WY154 ก495 ฉ.2 
  Barcode: 26563
ห้องสมุดวิทยาเขตนครสวรรค์
►หนังสือทั่วไป:l:General Books
บนชั้น

รายการใกล้เคียง
    ชื่อเรื่อง [การพยาบาลผู้ป่วยวิกฤตหัวใจ/จรัญ สายะสถิตย์,บรรณาธิการ]

    ผู้แต่ง [จรัญ สายะสถิตย์,บรรณาธิการ]

BibComment


ยังไม่เคยถูกคอมเมนท์

คอมเมนท์ทรัพยากรรายการนี้
  คอมเมนท์: การพยาบาลผู้ป่วย..


 Copyright 2026. Bcnsprnw @Library